Generátor úloh pre okruh Úvod do teórie grafov

Na minha lista:
Detalhes bibliográficos
Autor principal: Pačuta, Ján (Author)
Outros Autores: Omachelová, Milada (Thesis advisor)
Formato: Manuscrito Livro
Idioma:eslovaco
Publicado em: 2025
Assuntos:
Acesso em linha:http://is.stuba.sk/zp/portal_zp.pl?podrobnosti=169013
Tags: Adicionar Tag
Sem tags, seja o primeiro a adicionar uma tag!

MARC

LEADER 00000ntm a22000003a 4500
001 stuzp102823
003 SK-STU
005 20250614211506.3
007 ta
008 150427s2015----xo-----f-mn---000-0-slo-d
040 |a STU  |b slo 
041 0 |a slo 
100 1 |a Pačuta, Ján  |u 070200  |4 aut  |U FIIT Fakulta informatiky a informačných technológií  |T FIIT Ústav informatiky, informačných systémov a softvérového inžinierstva  |X 116263  |U I200  |Y 179  |7 116263 
242 0 1 |a Task generator for the topic Introduction to Graph Theory  |y eng 
245 1 0 |a Generátor úloh pre okruh Úvod do teórie grafov 
260 |c 2025 
650 4 |a flows  |2 eng 
650 4 |a pairing  |2 eng 
650 4 |a generator  |2 eng 
650 4 |a párovanie  |2 slo 
650 4 |a generátor  |2 slo 
650 4 |a toky  |2 slo 
700 1 |a Omachelová, Milada  |u 070200  |k Z1  |4 ths  |U FIIT Fakulta informatiky a informačných technológií  |T FIIT Ústav informatiky, informačných systémov a softvérového inžinierstva  |X 2272  |U I200  |Y 179  |7 A000002272 
856 4 |u http://is.stuba.sk/zp/portal_zp.pl?podrobnosti=169013